| 000 | 01326nam0a2200301 4500 | ||
|---|---|---|---|
| 001 | RU\NLR\bibl\1326194 | ||
| 005 | 20260407063022.0 | ||
| 010 |
_a978-5-394-00281-6 _93000 |
||
| 021 |
_aRU _b2008-98702 _95792 |
||
| 035 | _a(NLR Aleph) 001311494 | ||
| 090 |
_a682373 _c682373 |
||
| 100 | _a20090206d2009 |||y0rusy50 ca | ||
| 101 | 0 | _arus | |
| 102 | _aRU | ||
| 105 | _aa ||||||||| | ||
| 200 | 1 |
_aСоциология _eучебник _eдля студентов вузов _fЮ.Г. Волков _gпод ред. д.филос.н., проф. В.И. Добренькова _gИзд-торг. корпорация "Дашков и К°" |
|
| 205 | _a4-е изд. | ||
| 210 |
_aМосква _cДашков и К° _aРостов-на-Дону _cНаука Спектр _d2009 |
||
| 215 |
_a382, [1] с. _d21 |
||
| 320 | _aБиблиогр. в конце разд. и в подстроч. примеч. | ||
| 606 | 1 |
_aСоциология _jУчебники для высших учебных заведений _9893563 _3RU\NLR\auth\663357 |
|
| 686 | _aС5я73 | ||
| 700 | 1 |
_4070 _7ca _8rus _aВолков _bЮ. Г. _cд-р филос. наук _f1946- _gЮрий Григорьевич _9122945 _3RU\NLR\auth\7713252 |
|
| 801 | 0 |
_aRU _bNLR _c20090206 _gRCR |
|
| 801 | 1 |
_aRU _bNLR _c20090206 |
|
| 942 | _cBOOK | ||
| 980 | _aNB | ||